000 00704nam a2200277Ia 4500
008 160803s9999 xx 000 0 und d
020 _a0 545307260
100 _aSenzai, N.H.
245 _aShooting Kabul /
245 _cN.H. Senzai.
260 _aNew York :
260 _bScholastic Inc.
260 _c2010
300 _a262 pages :
300 _bmap ;
300 _c20 cm
650 _aAfghan Americans --
650 _aEmigration and immigration --
650 _aRefugees --
650 _aSan Francisco Bay Area (Calif.) --
650 _xJuvenile fiction.
650 _xJuvenile fiction.
650 _xJuvenile fiction.
650 _xJuvenile fiction.
700 _a800
999 _c299826
_d299826